Pays par nombre de lettres - Statistiques

Statistiques générales
  • Ce quiz a été pris 549 fois
  • Le résultat moyen est 56 sur 196
Statistiques - réponses
Nb de lettres Réponse % Correct
4 Togo
72%
4 Inde
69%
4 Mali
69%
4 Cuba
67%
4 Irak
67%
4 Iran
67%
4 Laos
67%
4 Oman
64%
5 Chine
50%
5 Bénin
49%
5 Chili
49%
5 Fidji
44%
5 Ghana
44%
5 Grèce
43%
6 France
42%
5 Libye
42%
5 Pérou
42%
29 République Démocratique du Congo
42%
5 Suède
42%
5 Yemen
42%
6 Angola
41%
5 Maroc
41%
5 Tonga
41%
5 Gabon
40%
5 Liban
40%
6 Russie
40%
6 Zambie
40%
6 Brésil
38%
5 Samoa
38%
5 Syrie
38%
7 Albanie
37%
7 Algérie
37%
7 Arménie
37%
6 Canada
37%
6 Suisse
37%
5 Tchad
37%
6 Gambie
36%
5 Japon
36%
5 Nauru
36%
5 Népal
36%
5 Qatar
36%
9 Allemagne
35%
5 Malte
35%
8 Belgique
34%
5 Haïti
34%
6 Italie
34%
6 Rwanda
34%
6 Guinée
33%
5 Kenya
33%
6 Kosovo
33%
7 Norvège
33%
27 Saint-Vincent-et-les-Grenadines
33%
7 Ukraine
33%
7 Vanuatu
33%
7 Vatican
33%
8 Zimbabwe
33%
7 Andorre
32%
7 Vietnam
32%
8 Autriche
31%
6 Bélize
31%
6 Bruneï
31%
8 Finlande
31%
6 Israël
31%
6 Koweït
31%
5 Niger
31%
8 Portugal
31%
7 Uruguay
31%
8 Botswana
30%
8 Danemark
30%
7 Espagne
30%
6 Panama
30%
9 Venezuela
30%
8 Birmanie
29%
8 Cambodge
29%
5 Congo
29%
7 Tunisie
29%
7 Turquie
29%
12 Afrique du Sud
28%
9 Argentine
28%
9 Australie
28%
11 Azerbaïdjan
28%
7 Bolivie
28%
8 Bulgarie
28%
7 Croatie
28%
8 Djibouti
28%
6 Égypte
28%
8 Équateur
28%
6 Guyana
28%
6 Monaco
28%
6 Serbie
28%
6 Tuvalu
28%
11 Afghanistan
27%
7 Bahamas
27%
7 Barbade
27%
10 Corée du Sud
27%
7 Estonie
27%
7 Ouganda
27%
6 Palaos
27%
14 Arabie saoudite
26%
17 Bosnie-Herzégovine
26%
6 Chypre
26%
11 Corée du Nord
26%
8 Lettonie
26%
8 Lituanie
26%
7 Salomon
26%
7 Pays-Bas
25%
24 République Centrafricaine
25%
21 République Dominicaine
25%
6 Taïwan
25%
8 Colombie
24%
9 États-Unis
24%
7 Géorgie
24%
8 Honduras
24%
7 Irlande
24%
7 Islande
24%
8 Jamaïque
24%
10 Luxembourg
24%
7 Mexique
24%
7 Namibie
24%
15 Nouvelle-Zélande
24%
19 Papouasie-Nouvelle-Guinée
24%
7 Pologne
24%
9 Slovaquie
24%
8 Slovénie
24%
7 Burundi
23%
8 Malaisie
23%
10 Mauritanie
23%
8 Paraguay
23%
8 Suriname
23%
9 Thaïlande
23%
7 Bahreïn
22%
10 Bangladesh
22%
7 Bhoutan
22%
11 Biélorussie
22%
8 Cameroun
22%
7 Cap-Vert
22%
9 Dominique
22%
9 Guatemala
22%
9 Indonésie
22%
8 Kiribati
22%
6 Malawi
22%
8 Moldavie
22%
10 Monténegro
22%
10 Mozambique
22%
7 Nigéria
22%
6 Soudan
22%
7 Comores
21%
17 Émirats arabes unis
21%
7 Hongrie
21%
8 Jordanie
21%
10 Kazakhstan
21%
17 République Tchèque
21%
10 Saint-Marin
21%
9 Costa Rica
20%
12 Guinée-Bissau
20%
7 Libéria
20%
13 Liechtenstein
20%
10 Madagascar
20%
11 Tadjikistan
20%
12 Turkménistan
20%
11 Burkina Faso
19%
7 Grenade
19%
12 Kirghizistan
19%
9 Nicaragua
19%
11 Ouzbékistan
19%
8 Roumanie
19%
7 Sénégal
19%
7 Somalie
19%
16 Antigua-et-Barbuda
18%
8 Érythrée
18%
8 Éthiopie
18%
8 Salvador
18%
11 Soudan du Sud
18%
11 Côte d'Ivoire
17%
8 Eswatini
17%
17 Guinée équatoriale
17%
7 Lesotho
17%
9 Macédoine
17%
8 Maldives
17%
7 Maurice
17%
8 Mongolie
17%
8 Pakistan
17%
10 Royaume-Uni
17%
17 Sao Tomé et Principe
17%
8 Tanzanie
17%
13 Timor Oriental
17%
9 Singapour
16%
15 Trinité et Tobago
16%
8 Marshall
15%
10 Micronésie
15%
11 Sainte-Lucie
15%
8 Sri Lanka
15%
11 Sierra Leone
14%
11 Philippines
13%
10 Seychelles
13%
17 Saint-Kitts-et-Nevis
11%
Aucun quiz correspondant
Distribution des résultats
% des personnes avec chaque résultat
Percentile par nombre de réponses
Votre historique - résultats
Vous n’avez pas pris ce quiz